000 01179cam a2200313 i 4500
001 15461
003 Mx-PuUPA
005 20220330143144.0
008 140415s1982 nyua gr 000 0 eng d
020 _a0894870459
040 _aMx-PuUPA
_bspa
_cMx-PuUPA
_dMx-PuUPA
_erda
041 0 _aeng
110 2 _912178
_aScott Publishing Co.
245 1 0 _aScott standard postage stamp :
_bcatalogue 1983 /
_cScott ; publisher, Bert Taub, [editor]
250 _aOne Hundred and Thirty-ninth edition /
_b in four volumes
264 1 _aNew York :
_bScott Publishing Co.,
_c©1982
300 _a4 volúmenes (paginación varía) :
_bilustraciones ;
_c24 cm.
336 _2rdacontent
_atexto
_btxt
337 _2rdamedia
_asin medio
_bn
338 _2rdacarrier
_avolumen
_bnc
505 _gv.1.
_tUnited States and affiliated territories. --
_gv.2.
_tA-F. --
_gv.3.
_tG-O. --
_gv.4.
_tP-Z.
650 7 _aSellos postales
_zEstados Unidos
_vCatálogos
_2armarc
650 7 _aFilatelia
_2armarc
651 4 _aNaciones Unidas
_xSellos postales
_vCatálogos
700 1 2 _aTaub, Bert,
_eeditor
942 _2ddc
_cLI
_h769.56
_iS425
999 _c15461
_d15461